[Event "Liberec op"]
[Site "Liberec"]
[Date "2007.11.17"]
[Round "9"]
[White "Strzelczyk, Pawel"]
[Black "Pokora, Lubomir"]
[Result "1/2-1/2"]
[WhiteElo "1734"]
[BlackElo "1986"]
[PlyCount "31"]
[EventDate "2007.11.10"]
[EventType "swiss"]
[EventRounds "9"]
[EventCountry "CZE"]
[SourceTitle "CBM 121 Extra"]
[Source "ChessBase"]
[SourceDate "2008.01.10"]
[SourceVersion "1"]
[SourceVersionDate "2008.01.10"]
[SourceQuality "1"]

1. e4 c5 2. Nf3 a6 3. Nc3 Nc6 4. d4 cxd4 5. Nxd4 e6 6. Nxc6 bxc6 7. Bd3 Qc7 8. 0-0 Nf6 9. Bg5 Be7 10. f4 Qb6+ 11. Kh1 Qxb2 12. Ne2 Qb6 13. Nc1 d6 14. e5 dxe5 15. fxe5 Nd5 16. Bxe7 1/2-1/2

[Event "Liberec op"]
[Site "Liberec"]
[Date "2007.11.13"]
[Round "4"]
[White "Boskova, Herta"]
[Black "Strzelczyk, Pawel"]
[Result "0-1"]
[WhiteElo "1976"]
[BlackElo "1734"]
[PlyCount "48"]
[EventDate "2007.11.10"]
[EventType "swiss"]
[EventRounds "9"]
[EventCountry "CZE"]
[SourceTitle "EXT 2008"]
[Source "ChessBase"]
[SourceDate "2007.11.25"]
[SourceVersion "1"]
[SourceVersionDate "2007.11.25"]
[SourceQuality "1"]

1. d4 d5 2. Nf3 Nf6 3. c4 e6 4. Nc3 Be7 5. e3 0-0 6. Bd3 dxc4 7. Bxc4 Nbd7 8. 0-0 a6 9. Bd2 b5 10. Be2 Bb7 11. a3 c5 12. dxc5 Nxc5 13. Rc1 Rc8 14. b4 Nce4 15. Nxe4 Nxe4 16. Rxc8 Qxc8 17. Qc1 Qd7 18. Rd1 Rc8 19. Qb1 Qc6 20. Rc1 Nxd2 21. Rxc6 Nxb1 22. Rb6 Rc1+ 23. Bf1 Bxf3 24. gxf3 Nd2 0-1

[Event "Przelazy Cup op 7th"]
[Site "Przelazy"]
[Date "2007.04.11"]
[Round "3"]
[White "Stankowski, Aleksander"]
[Black "Strzelczyk, Pawel"]
[Result "1/2-1/2"]
[WhiteElo "1615"]
[BlackElo "1771"]
[PlyCount "149"]
[EventDate "2007.04.10"]
[EventType "swiss"]
[EventRounds "9"]
[EventCountry "POL"]
[SourceTitle "EXT 2011"]
[Source "ChessBase"]
[SourceDate "2010.11.26"]
[SourceVersion "1"]
[SourceVersionDate "2010.11.26"]
[SourceQuality "1"]

1. e4 c6 2. d4 d5 3. e5 Bf5 4. Bd3 Bxd3 5. Qxd3 e6 6. Nf3 Nd7 7. 0-0 Qc7 8. Nbd2 Be7 9. c4 g5 10. h3 h5 11. cxd5 exd5 12. Nb3 g4 13. Ng5 Bxg5 14. Bxg5 Ne7 15. Bxe7 Kxe7 16. Qf5 Rag8 17. Rae1 Nf8 18. Re3 Rg6 19. Rfe1 Ne6 20. f4 Rhg8 21. R1e2 a5 22. a4 Qb6 23. Nc5 gxh3 24. Qxh3 Nxc5 25. dxc5 Qxc5 26. Kh2 Qd4 27. Qh4+ Ke8 28. e6 Rxg2+ 29. Kh3 f6 30. Qxh5+ R2g6 31. Rg3 Ke7 32. Rxg6 Qd3+ 33. Kh4 Qxg6 34. Qxg6 Rxg6 35. Kh5 Rg1 36. f5 d4 37. Rc2 Rd1 38. Rg2 Rh1+ 39. Kg6 d3 40. b3 c5 41. Kg7 Rf1 42. Kg6 Rf4 43. Rh2 Rg4+ 44. Kh6 b6 45. Kh7 Rg5 46. Rf2 d2 47. Rxd2 Rxf5 48. Rd7+ Kxe6 49. Rb7 Rf3 50. Rxb6+ Kd7 51. Kg6 Kc7 52. Rb5 Kc6 53. Rxa5 Rxb3 54. Kxf6 c4 55. Ke5 Rd3 56. Ke4 Rd8 57. Rb5 c3 58. Rb3 Ra8 59. Rxc3+ Kb6 60. Rc4 Ka5 61. Kd3 Rb8 62. Kc3 Rb7 63. Rf4 Rb8 64. Rf2 Rb1 65. Rf8 Rb7 66. Ra8+ Kb6 67. Kb4 Ra7 68. a5+ Kb7 69. Rh8 Ka6 70. Rh6+ Kb7 71. Kb5 Kb8 72. a6 Rg7 73. Kb6 Rg8 74. Rh7 Rg6+ 75. Kb5 1/2-1/2

[Event "Przelazy Cup op 7th"]
[Site "Przelazy"]
[Date "2007.04.10"]
[Round "1"]
[White "Kozicz, Andrzej"]
[Black "Strzelczyk, Pawel"]
[Result "1-0"]
[WhiteElo "2146"]
[BlackElo "1771"]
[PlyCount "107"]
[EventDate "2007.04.10"]
[EventType "swiss"]
[EventRounds "9"]
[EventCountry "POL"]
[SourceTitle "EXT 2011"]
[Source "ChessBase"]
[SourceDate "2010.11.26"]
[SourceVersion "1"]
[SourceVersionDate "2010.11.26"]
[SourceQuality "1"]

1. e4 c6 2. d4 d5 3. Nc3 dxe4 4. Nxe4 Bf5 5. Ng3 Bg6 6. Nf3 e6 7. Ne5 Nd7 8. Nxg6 hxg6 9. Bd3 Bd6 10. Qe2 Ngf6 11. Bd2 Qb6 12. Bc3 0-0-0 13. a4 Qc7 14. Qf3 e5 15. 0-0 Rh4 16. dxe5 Bxe5 17. Bxe5 Nxe5 18. Qe3 Rxh2 19. Qxa7 Rdh8 20. f4 Neg4 21. Rf3 Nh5 22. Qa8+ Qb8 23. Qxb8+ Kxb8 24. Nxh5 R8xh5 25. Rh3 R2xh3 26. gxh3 Rxh3 27. Kg2 Re3 28. a5 Re7 29. Rh1 Ne3+ 30. Kf3 Nf5 31. Rh8+ Kc7 32. Rg8 f6 33. Ra8 Kd6 34. Ra7 Kc5 35. b4+ Kd6 36. Bxf5 gxf5 37. c4 Kc7 38. Ra8 Re4 39. b5 cxb5 40. cxb5 g5 41. fxg5 fxg5 42. Rf8 Re5 43. Rf7+ Kb8 44. b6 Kc8 45. Rf8+ Kd7 46. a6 bxa6 47. b7 Rb5 48. b8Q Rxb8 49. Rxb8 Ke6 50. Rb6+ Ke5 51. Rxa6 g4+ 52. Kg3 Ke4 53. Ra4+ Ke3 54. Rf4 1-0